The quest for alpha the holy grail of investing /

Bibliographic Details
Main Author: Swedroe, Larry E.
Corporate Author: ProQuest (Firm)
Format: Electronic eBook
Language:English
Published: Hoboken, N.J. : John Wiley & Sons, c2011.
Subjects:
Online Access:Click to View
LEADER 01390nam a2200397 a 4500
001 EBC644928
003 MiAaPQ
005 20200520144314.0
006 m o d |
007 cr cn|||||||||
008 100819s2011 nju sb 001 0 eng d
010 |z  2010034716 
020 |z 9780470926543 (cloth) 
020 |z 9781118005699 (ebk) 
020 |z 9781118005705 (ebk) 
020 |z 9781118005682 (e-book) 
035 |a (MiAaPQ)EBC644928 
035 |a (Au-PeEL)EBL644928 
035 |a (CaPaEBR)ebr10438357 
035 |a (CaONFJC)MIL302614 
035 |a (OCoLC)700706007 
040 |a MiAaPQ  |c MiAaPQ  |d MiAaPQ 
050 4 |a HG4527  |b .S94 2011 
082 0 4 |a 332.6  |2 22 
100 1 |a Swedroe, Larry E. 
245 1 4 |a The quest for alpha  |h [electronic resource] :  |b the holy grail of investing /  |c Larry E. Swedroe. 
260 |a Hoboken, N.J. :  |b John Wiley & Sons,  |c c2011. 
300 |a xvii, 190 p. 
504 |a Includes bibliographical references and index. 
533 |a Electronic reproduction. Ann Arbor, MI : ProQuest, 2015. Available via World Wide Web. Access may be limited to ProQuest affiliated libraries. 
650 0 |a Investments. 
650 0 |a Investment analysis. 
650 0 |a Portfolio management. 
655 4 |a Electronic books. 
710 2 |a ProQuest (Firm) 
856 4 0 |u https://ebookcentral.proquest.com/lib/matrademy/detail.action?docID=644928  |z Click to View